000 01126nam a2200289 4500
003 EG-GICUC
005 20260508113138.0
008 260406s1984 ua|||||f |||| 00| 0 ara d
040 _a EG-GICUC
_bara
_c EG-GICUC
_d EG-GICUC
_erda
043 _af-ua---
082 0 4 _221
_a343.2
092 0 4 _221
099 _aLaw1 10 343.2 أ ح . د 1984
100 0 _aأحمد عوض بلال
245 1 0 _aدروس أولية في القسم لعام من قانون العقوبات مع الترجمة العربية = Cours Élémentaire De Droit Penal General Avec la /
_cأعدها أحمد عوض بلال.
264 _aالقاهرة;
_bدار الثقافة العربية;
_c1984.
300 _a101 صفحة
_c24 سم
336 _2rda content
_atext
337 _2rda media
_aComputer
338 _2rda carrier
_aOnline Resource
500 _aالكتاب بالللغتين العربية والفرنسية
650 1 4 _aقانون العقوبات -
_xالقسم الخاص
_2qrmak
651 1 _2qrmak
856 4 0 _uhttps://fll.law.cu.edu.eg/fulltext/bks/B10-08163.pdf
905 _a17
942 _2ddc
_n0
_cBK
_e21
999 _c69243
_d69243